00872nam a2200253Ia 450000500170000000800410001702000180005810000340007624501170011025000110022730000340023865000300027265000400030265000400034270000420038294200120042426400330043633600270046933700330049633800280052904000350055708400110059299900150060320220317000200.0141031s9999 xx 000 0 und d a978849639103110aVincent, Gabrielle, 1928-200010aErnesto y Celestina han perdido a Simeón ctexto e ilustraciones Gabrielle Vincent ; traducción Pilar Pablos a1a ed. a25 páginas bilustraciones 14a Autores franceses 2LEMB14a Literatura infantil francesa2LEMB14aCuentos infantiles franceses 2LEMB10aVincent, Gabrielle, 1928-2000 917188 2loccBK aZaragoza bMarenostrumc2008 atextobtxt2rdacontent asin mediaciónbn2rdamedia avolumenbnc2rdacarrier aCO-BoRNBPbspaerdacCO-BoRNBP aC VIN1 c3330d3330